00586 a2200181 450000100060000002000180000604000220002410000190004624000300006524500250009530000070012036200090012765000230013694200070015995201130016695201080027999900170038757142 a9788516060404 cAnchieta - Pituba aBernardi, Tati10aA menina da árvorelpor10aA menina da árvore a880 a2008 4aLiteratura juvenil cBK 00104070a91.1b91.1d2023-11-21l0oLJ 028.5 B523m BER MENp7015/PITr2023-11-21 18:24:45w2023-11-21yBK 00102ddc4070a57.2b57.2d2024-05-24l0pnt913r2024-05-24 08:27:46w2024-05-24yBKzEstante Verdeu c57142d57142